Ski Resorts in North America with the Most Runs - Statistics

General Stats
  • This quiz has been taken 40 times
  • The average score is 5 of 10
Answer Stats
Hint Answer % Correct
195 Vail
92%
187 Breckenridge
67%
348 Park City
64%
200 Whistler Blackcomb
56%
333 Big Sky
53%
165 Steamboat Springs
42%
191 Killington
39%
170 Squaw Valley
31%
150 Mammoth Mountain
17%
167 Powder Mountain
8%
No matching quizzes found
Score Distribution
Percent of People with Each Score
Percentile by Number Answered
Your Score History
You have not taken this quiz